| 000 | 00505nam a22001817a 4500 | ||
|---|---|---|---|
| 003 | OSt | ||
| 005 | 20151123184612.0 | ||
| 008 | 151123b xxu||||| |||| 00| 0 eng d | ||
| 040 | _cDDC | ||
| 082 | _a338.9 UND2001 | ||
| 100 |
_aUNDP; _96273 |
||
| 245 |
_aHuman development report 2001; _bMaking new technologies work for Human development. |
||
| 260 |
_aNew york; _bUndp, _c2001. |
||
| 300 |
_axiii,264p; _bcol,ill; _c28cm |
||
| 504 | _aincludes index. | ||
| 650 |
_aDevelopment. _9612 |
||
| 942 |
_2ddc _cSLOAN |
||
| 999 |
_c2666 _d2666 |
||